| 000 | 00000nam##2200000za#4500 |
| 001 | 9.642343 |
| 003 | CaOODSP |
| 005 | 20210624223643 |
| 007 | cr ||||||||||| |
| 008 | 150407|2013||||xxc|||||o f|0| 0 fre|d |
| 040 | |aCaOODSP|bfre |
| 043 | |an-cn--- |
| 086 | 1 |aH118-91/2006F-PDF |
| 110 | 1 |aCanada. |bInstitut canadien d'information sur la santé. |
| 245 | 10|aComment se portent les Canadiens vivant en milieu rural? : |h[ressource électronique]|bune évaluation de leur état de santé et des déterminants de la santé |
| 260 | |aOttawa - Ontario : |bInstitut canadien d'information sur la santé |cc2006. |
| 300 | |a221p.|bfigures, graphiques, références, tableaux |
| 500 | |a« ... un rapport national qui examine les tendances de certaines caractéristiques sociodémographiques et économiques, de l'état de santé ainsi que des comportements liés à la santé et qui met l'accent sur les différences entre les populations urbaines et rurales du Canada. Le présent rapport vise à améliorer la compréhension des besoins en matière de santé des populations rurales ainsi qu'à orienter et à appuyer les programmes et politiques qui permettent de répondre à ces besoins.»--Page 19 des 221, Sommaire. |
| 590 | |a13-19-Supp|b2013-08-14 |
| 775 | 08|tHow healthy are rural Canadians? : |w(CaOODSP)9.698331 |
| 856 | 40|ahttp://publications.gc.ca|qPDF|s5480 KB|uhttps://publications.gc.ca/collections/collection_2013/icis-cihi/H118-91-2006-fra.pdf |